1001 liệu pháp thiên nhiên

Spremljeno u:
Bibliografski detalji
Format: Knjiga
Jezik:Undetermined
Izdano: Hà Nội Văn hoá Thông tin 2005
Teme:
Oznake: Dodaj oznaku
Bez oznaka, Budi prvi tko označuje ovaj zapis!
Thư viện lưu trữ: Trung tâm Học liệu Trường Đại học Cần Thơ
LEADER 00467nam a2200169Ia 4500
001 CTU_73948
008 210402s9999 xx 000 0 und d
020 |b 79000 
082 |a 615.882 
082 |b M458 
245 0 |a 1001 liệu pháp thiên nhiên 
260 |a Hà Nội 
260 |b Văn hoá Thông tin 
260 |c 2005 
650 |a Folk drugs,Medicinal plants 
904 |i Năm, QHieu 
980 |a Trung tâm Học liệu Trường Đại học Cần Thơ